Lyrics to 'Saturn' by Sleeping At Last - Statistics

General Stats
  • This quiz has been taken 30 times
  • The average score is 120 of 149
Answer Stats
Answer % Correct
a
100%
I
100%
and
93%
be
93%
is
93%
it
93%
me
93%
the
93%
to
93%
You
93%
you
93%
beautiful
87%
exist
87%
How
87%
rare
87%
was
87%
we
87%
all
80%
but
80%
But
80%
courage
80%
down
80%
even
80%
For
80%
hear
80%
Just
80%
my
80%
never
80%
of
80%
on
80%
taught
80%
time
80%
tried
80%
write
80%
again
73%
ask
73%
by
73%
could
73%
couldn't
73%
find
73%
help
73%
I'd
73%
more
73%
one
73%
pen
73%
say
73%
That
73%
that
73%
after
67%
anything
67%
before
67%
breath
67%
carries
67%
death
67%
endlessly
67%
explain
67%
eyes
67%
give
67%
I'll
67%
infinite
67%
made
67%
seen
67%
shortness
67%
truly
67%
universe
67%
With
67%
left
60%
light
60%
stars
60%
explained
53%
No matching quizzes found
Score Distribution
Percent of People with Each Score
Percentile by Number Answered
Your Score History
You have not taken this quiz